000 00334pab a2200145 454500
008 180718b1995 xxu||||| |||| 00| 0 eng d
100 _aGuha Roy, Jaytilak
245 _aTravesty of judicial discretion
260 _c1995
300 _ap.10
362 _a13 Sep
650 _aJudiciary
773 _aTimes of India
909 _a29859
999 _c29859
_d29859